Celiac diesease: (Record no. 141786)

MARC details
000 -LEADER
fixed length control field 00600nam a22001937a 4500
005 - DATE AND TIME OF LATEST TRANSACTION
control field 20170622111006.0
010 ## - LCCN (DPL NO)
LC control number ENG-118773
020 ## - INTERNATIONAL STANDARD BOOK NUMBER
International Standard Book Number 9788123779423
Terms of availability 185.00
035 ## - SYSTEM CONTROL NUMBER
System control number EN-102305
037 ## - SOURCE OF ACQUISITION
Source of stock number/acquisition DBAD/PUB
082 ## - DEWEY DECIMAL CLASSIFICATION NUMBER
Classification number 616.3
100 ## - MAIN ENTRY--PERSONAL NAME
Personal name Vohra, Pankaj
245 ## - TITLE STATEMENT
Title Celiac diesease:
Remainder of title A comprehensive guide /
Statement of responsibility, etc by Pankaj Vohra
260 ## - PUBLICATION, DISTRIBUTION, ETC. (IMPRINT)
Place of publication, distribution, etc New Delhi
Name of publisher, distributor, etc National Book Trust
Date of publication, distribution, etc 2016
270 ## - ADDRESS
Address Nehru Bhawan, 5 Industrial Area, Phase-II Vasant Kunj, New Delhi-110070
300 ## - PHYSICAL DESCRIPTION
Extent xv,198p
Other physical details ill.
Dimensions 22cm.(pbk)
500 ## - GENERAL NOTE
General note Includes Index
942 ## - ADDED ENTRY ELEMENTS (KOHA)
Source of classification or shelving scheme Dewey Decimal Classification
Item type English Books
Classification part 616.3
Call number suffix VOH
Holdings
Withdrawn status Lost status Not for loan Collection code Home library Current library Date acquired Source of acquisition Cost, normal purchase price Full call number Barcode Copy number Cost, replacement price Koha item type
    Not For Loan Non-fiction D.B.Act.Division Bawana 22/06/2017 DBAD/PUB 185.00 616.3 VOH EN-102305 1 185.00 English Books

© Delhi Public Library
Hit Counter
free hit counter